000 00702cam a22002413a 4500
001 17780
003 PGUSA
005 20140828083359.0
008 060216s2006||||xxu|||||s|||||000 1 eng d
040 _aPGUSA
_beng
042 _adc
050 4 _aPR
100 1 _aEliot, George,
_d1819-1880
245 1 0 _aScenes of Clerical Life
_h[electronic resource] /
_cGeorge Eliot
260 _bProject Gutenberg,
_c2006
506 _aPublic domain in the USA.
516 _aElectronic text
653 _aClergy -- Fiction
653 _aEngland -- Social life and customs -- 19th century -- Fiction
830 0 _aProject Gutenberg
_v17780
856 4 0 _uhttp://www.gutenberg.org/ebooks/17780
942 _cEB
999 _c247035
_d247035